Top Names of the Decade 2000's Quiz Stats

 Plays Quiz not verified by Sporcle

Support Sporcle.
Go Orange.
Score 0/100 Timer 13:00
0 Plays Today
Rank Names % Correct
3Emma
87.4%
9Elizabeth
87.4%
24Anna
85.1%
1Emily
83.9%
64Mary
83.9%
7Isabella
82.8%
33Rachel
82.8%
93Isabel
82.8%
2Madison
81.6%
12Sarah
81.6%
69Sara
81.6%
37Katherine
80.5%
43Maria
80.5%
58Alexa
80.5%
23Jessica
78.2%
39Jennifer
78.2%
40Alexandra
77%
4Olivia
75.9%
5Hannah
75.9%
15Grace
75.9%
11Alexis
73.6%
16Ava
73.6%
25Victoria
73.6%
62Amanda
73.6%
8Samantha
72.4%
19Lauren
72.4%
70Rebecca
72.4%
21Natalie
71.3%
30Julia
71.3%
10Ashley
70.1%
41Allison
70.1%
49Nicole
70.1%
6Abigail
67.8%
13Sophia
67.8%
Rank Names % Correct
22Kayla
67.8%
34Ella
67.8%
45Lily
67.8%
68Leah
67.8%
94Danielle
67.8%
54Zoe
65.5%
26Mia
64.4%
36Megan
64.4%
71Michelle
64.4%
99Molly
63.2%
20Chloe
62.1%
14Alyssa
60.9%
17Taylor
59.8%
18Brianna
59.8%
56Kimberly
59.8%
57Madeline
59.8%
50Addison
58.6%
51Stephanie
58.6%
31Morgan
57.5%
55Faith
57.5%
60Gabrielle
57.5%
73Vanessa
57.5%
82Claire
57.5%
92Amber
57.5%
27Hailey
56.3%
79Evelyn
56.3%
42Haley
55.2%
48Mackenzie
55.2%
52Lillian
55.2%
53Andrea
55.2%
46Makayla
54%
98Erin
54%
29Jasmine
52.9%
38Savannah
52.9%
Rank Names % Correct
76Caroline
52.9%
81Maya
52.9%
100Amelia
52.9%
47Brooke
51.7%
85Ariana
51.7%
87Arianna
51.7%
32Destiny
50.6%
44Kaylee
50.6%
74Jordan
50.6%
78Audrey
50.6%
66Riley
49.4%
90Brooklyn
49.4%
86Nevaeh
48.3%
63Kylie
47.1%
35Kaitlyn
46%
59Katelyn
46%
67Jenna
44.8%
88Bailey
44.8%
89Jada
43.7%
96Melanie
43.7%
72Sofia
42.5%
77Avery
42.5%
65Paige
40.2%
83Autumn
40.2%
91Aaliyah
40.2%
97Sierra
40.2%
28Sydney
39.1%
75Angelina
33.3%
61Trinity
32.2%
84Jocelyn
32.2%
80Carly
28.7%
95Mariah
27.6%

You're not logged in!

Compare scores with friends on all Sporcle quizzes.
OR
Log In

From the Vault

Math Jokes

by kagomeshuko

And you thought math was boring.
Remove Ads.
Support Sporcle.
Get the best of Sporcle when you Go Orange. This ad-free experience offers more features, more stats, and more fun while also helping to support Sporcle. Thank you for becoming a member.

Show Comments

Extras

Created Mar 8, 2011ReportNominate
Tags:Decade Quiz, Numbers Quiz, 2000, Baby

Top Quizzes Today


Score Distribution

Your Account Isn't Verified!

In order to create a playlist on Sporcle, you need to verify the email address you used during registration. Go to your Sporcle Settings to finish the process.

Report this User

Report this user for behavior that violates our Community Guidelines.

Details: